[Event "12th Essent Open"]
[Site "Hoogeveen NED"]
[Date "2008.10.20"]
[Round "4"]
[White "Hendriks,Ric"]
[Black "Archangelsky,M"]
[Result "1-0"]
[WhiteElo "2116"]
[BlackElo "2276"]

1.e4 c5 2.Nf3 e6 3.d4 cxd4 4.Nxd4 Nc6 5.Nc3 Qc7 6.Be3 a6 7.Be2 Nf6 8.O-O Bb4
9.Nxc6 bxc6 10.Qd4 c5 11.Qc4 Bb7 12.a3 Bxc3 13.Qxc3 Bxe4 14.Qxc5 Qxc5 15.Bxc5 Bxc2
16.Rac1 Ba4 17.Bd6 Bc6 18.Rfd1 Nd5 19.Rc5 Ne7 20.Ra5 Bb7 21.Rc1 Nc6 22.Rg5 g6
23.Rg3 f6 24.Kf1 Kf7 25.Rb3 Bc8 26.Rb6 Re8 27.Bf3 Ra7 28.b4 Nd4 29.Bb8 Rb7
30.Bxb7  1-0

[Event "24th ECC"]
[Site "Kallithea GRE"]
[Date "2008.10.20"]
[Round "4"]
[White "Lichmann,P"]
[Black "Klimov,S"]
[Result "0-1"]
[WhiteElo "2389"]
[BlackElo "2521"]

1.e4 c5 2.Nf3 e6 3.d4 cxd4 4.Nxd4 Nc6 5.Nc3 Qc7 6.Be2 Nf6 7.O-O a6 8.Be3 Be7
9.f4 d6 10.Bf3 O-O 11.Kh1 Rd8 12.Qe1 Nxd4 13.Bxd4 e5 14.Be3 b5 15.a3 Bb7
16.Rd1 Rac8 17.Rf2 Qb8 18.f5 h6 19.Bc1 Rc4 20.b3 Rc7 21.Nd5 Bxd5 22.exd5 Rdc8
23.Be4 Bd8 24.g4 Rc3 25.Bb2 Bb6 26.Re2 Nxe4 27.Rxe4 Rxc2 28.Re2 Qb7 29.f6 gxf6
30.Rdd2 Bd4 31.Bxd4 Qxd5+ 32.Kg1 Rc1 33.Be3 Rxe1+ 34.Rxe1 Qe4 35.Rxd6 Rc1  0-1

[Event "12th Essent Open"]
[Site "Hoogeveen NED"]
[Date "2008.10.21"]
[Round "5"]
[White "Brandenburg,D"]
[Black "Van der Elburg,F"]
[Result "1-0"]
[WhiteElo "2436"]
[BlackElo "2269"]

1.e4 c5 2.Nf3 e6 3.d4 cxd4 4.Nxd4 Nc6 5.Nc3 a6 6.Nxc6 bxc6 7.e5 Qc7 8.f4 d6
9.exd6 Bxd6 10.Ne4 Bxf4 11.Bxf4 Qxf4 12.Qd4 e5 13.Nd6+ Kf8 14.Qc5 Ne7 15.Bc4 f6
16.Rd1 Bg4 17.Rd2 Rd8 18.Rf1 Qh6 19.Rff2 Rxd6 20.Qxd6 Qe3+ 21.Kf1  1-0

[Event "24th ECC"]
[Site "Kallithea GRE"]
[Date "2008.10.21"]
[Round "5"]
[White "Hracek,Z"]
[Black "Swinkels,R"]
[Result "1/2-1/2"]
[WhiteElo "2613"]
[BlackElo "2451"]

1.e4 c5 2.Nf3 e6 3.d4 cxd4 4.Nxd4 Nc6 5.Nc3 Qc7 6.g3 a6 7.Bg2 d6 8.O-O Bd7
9.Nxc6 Bxc6 10.a4 Nf6 11.a5 Be7 12.Be3 O-O 13.Bb6 Qb8 14.Bd4 Qc7 15.Re1 Nd7
16.Na4 Bf6 17.Bxf6 Nxf6 18.Nb6 Rad8 19.c4 Nd7 20.Nxd7 Qxd7 21.Qd4 f5 22.exf5 e5
23.Qd3 Qxf5 24.Bd5+ Bxd5 25.Qxd5+ Rf7 26.Re2 Qf3 27.Qxf3 Rxf3 28.Rd1 Rb3
29.Rxe5 dxe5 30.Rxd8+ Kf7 31.Rd7+ Kf6 32.c5 Rxb2 33.c6 bxc6 34.Rd6+ Kf5 35.Rxc6 Ra2
36.Rxa6 e4 37.Ra7 g5 38.a6 Kg4 39.Rxh7 Rxa6 40.h3+ Kf5 41.g4+ Kg6 42.Re7 Ra4
43.Kg2 Kf6 44.Re8 Kf7 45.Re5 Kf6 46.Rf5+ Kg6 47.Rb5 Kf6 48.Rb6+ Kf7 49.Rb5 Kf6
50.Rf5+ Kg6 51.Rc5 Kf6 52.Rc6+ Kg7 53.Rc3 Kg6 54.Kg3 Rd4 55.Re3 Ra4 56.h4 gxh4+
57.Kxh4  1/2-1/2

[Event "24th ECC"]
[Site "Kallithea GRE"]
[Date "2008.10.21"]
[Round "5"]
[White "Hansen,TR"]
[Black "Parker,J"]
[Result "1-0"]
[WhiteElo "2436"]
[BlackElo "2538"]

1.e4 c5 2.Nf3 e6 3.d4 cxd4 4.Nxd4 Nc6 5.Nc3 Qc7 6.Be3 a6 7.Bd3 Nf6 8.O-O Ne5
9.h3 Bc5 10.Kh1 d6 11.f4 Ng6 12.Qe1 O-O 13.f5 exf5 14.exf5 Ne5 15.Qh4 b5
16.Bg5 Bxd4 17.Qxd4 Ned7 18.Ne4 Nxe4 19.Bxe4 Bb7 20.Bxb7 Qxb7 21.f6 Rfe8
22.fxg7 Re6 23.Rf2 Nc5 24.Rf3 Rg6 25.Bh4 Ne6 26.Qf2 Rxg7 27.Rf1 b4 28.Bf6 Rg6
29.b3 Qa7 30.Qh4 Rc8 31.Bb2 Qb7 32.R1f2 Rc5 33.Rxf7 Qxf7 34.Rxf7 Kxf7 35.Qxh7+ Ng7
36.Bxg7 Rxg7 37.Qd3 a5 38.Qxd6 Rgg5 39.h4 Rgd5 40.Qf4+ Ke7 41.Kh2 Rf5 42.Qe4+ Kf7
43.Kh3 Kg7 44.g3 Rfe5 45.Qd4 Kg8 46.Kg4 Rcd5 47.Qc4 Kg7 48.Qc7+ Kf6 49.c3 bxc3
50.Qxc3 Ke6 51.Kh3 Kf7 52.Qf3+ Kg6 53.g4 Rd6 54.Kg3 Red5 55.h5+ Kg7 56.Kh4 Kg8
57.Qc3 Kh7 58.a3 Rd7 59.b4 axb4 60.axb4 Rb7  1-0

[Event "24th ECC"]
[Site "Kallithea GRE"]
[Date "2008.10.21"]
[Round "5"]
[White "Adams,Mi"]
[Black "Zvjaginsev,V"]
[Result "1/2-1/2"]
[WhiteElo "2734"]
[BlackElo "2646"]

1.e4 c5 2.Nf3 e6 3.d4 cxd4 4.Nxd4 Nc6 5.Nc3 d6 6.Be3 Nf6 7.Qd2 Be7 8.Be2 O-O
9.O-O-O a6 10.f4 Nd7 11.Bf3 Nb6 12.Qe2 Bd7 13.Kb1 Na5 14.b3 Qc7 15.Rd3 Nc6
16.a3 Nxd4 17.Bxd4 Bc6 18.f5 Nd7 19.fxe6 fxe6 20.Bg4 e5 21.Be3 Nf6 22.Be6+ Kh8
23.Nd5 Nxd5 24.Bxd5 Bb5 25.c4 Bd7 26.Rdd1 Bc6 27.Rhf1 Bxd5 28.Rxf8+ Rxf8
29.Rxd5 Qc8 30.Kb2 h6 31.a4 Kh7 32.h3 Rf6 33.Rd1 Qc6 34.Rd5 Rg6 35.Qf3 Rf6
36.Qe2 Rg6 37.Qf3 Rf6 38.Qg4 Bd8 39.c5 Ba5 40.Qe2 Bb4 41.Rxd6 Rxd6 42.cxd6 Qc3+
43.Ka2  1/2-1/2

[Event "24th ECC"]
[Site "Kallithea GRE"]
[Date "2008.10.21"]
[Round "5"]
[White "Michielsen,J"]
[Black "Csonka,A1"]
[Result "1-0"]
[WhiteElo "2365"]
[BlackElo "2275"]

1.e4 c5 2.Nf3 e6 3.d4 cxd4 4.Nxd4 Nc6 5.Nc3 Qc7 6.Be3 a6 7.Qd2 Bb4 8.O-O-O Nf6
9.f3 Ne5 10.Nb3 b5 11.Qe1 Be7 12.f4 Ng6 13.e5 Ng4 14.Ne4 O-O 15.Bc5 Bb7 16.Bxe7 Nxe7
17.h3 Bxe4 18.Rd2 Nxe5 19.Qxe4 Nc4 20.Rd1 d5 21.Qf3 Nc6 22.Kb1 a5 23.Bd3 Rfc8
24.f5 N6e5 25.Qe2 Nxb2 26.Kxb2 Qc3+ 27.Kb1 a4 28.Rhe1 f6 29.Qd2 axb3 30.cxb3 b4
31.fxe6 Qxd2 32.Rxd2 Rc5 33.Red1 Raa5 34.Be4 Kf8 35.Rxd5 Rxd5 36.Rxd5 Rxd5
37.Bxd5 Ke7 38.a4 bxa3 39.b4 Nd3 40.b5 Nb4 41.b6 h5 42.b7 Na6 43.Ka2 h4 44.Kxa3 f5
45.Ka4 Nc5+ 46.Kb4 Nxb7 47.Bxb7 Kxe6 48.Kc4 Ke5 49.Kd3 Kf4 50.Ke2 g5 51.Kf2 g4
52.hxg4 fxg4 53.Bc8 g3+ 54.Ke2 Ke4 55.Bh3  1-0

[Event "24th ECC"]
[Site "Kallithea GRE"]
[Date "2008.10.21"]
[Round "5"]
[White "Zapolskis,A"]
[Black "Edvardsson,K"]
[Result "1-0"]
[WhiteElo "2346"]
[BlackElo "2245"]

1.e4 c5 2.Nf3 e6 3.d4 cxd4 4.Nxd4 Nc6 5.Nc3 Qc7 6.g3 a6 7.Bg2 Nf6 8.O-O Be7
9.Be3 O-O 10.f4 d6 11.g4 Nxd4 12.Bxd4 e5 13.fxe5 dxe5 14.Rxf6 Bxf6 15.Nd5 Qd6
16.Be3 Bd8 17.g5 Kh8 18.b4 Qg6 19.h4 f5 20.Bc5 Rg8 21.Qd3 Be6 22.Ne3 f4 23.Nf5 h6
24.Kf2 Rc8 25.Bf3 hxg5 26.hxg5 Bxg5 27.Rh1+ Bh6 28.Bh5 Qf6 29.Be7 Bc4 30.Bxf6 Bxd3
31.cxd3 gxf6 32.Bd1 Rg6 33.Nxh6 Rc7 34.Nf7+ Kg8 35.Nd6 Rd7 36.Bb3+ Kg7 37.Nf5+  1-0

[Event "12th Essent Open"]
[Site "Hoogeveen NED"]
[Date "2008.10.22"]
[Round "6"]
[White "Van Eijk,S"]
[Black "Van Assendelft,F"]
[Result "0-1"]
[WhiteElo "2366"]
[BlackElo "2253"]

1.e4 c5 2.Nf3 e6 3.d4 cxd4 4.Nxd4 Nc6 5.Nc3 a6 6.g3 d6 7.Bg2 Bd7 8.O-O Nf6
9.a4 Be7 10.Nb3 Na5 11.Nxa5 Qxa5 12.Bf4 Qc7 13.Re1 Bc6 14.g4 b6 15.Ra3 h5
16.g5 Ng4 17.Nd5 exd5 18.exd5 Bb7 19.h3 Ne5 20.Bxe5 dxe5 21.d6 Qxd6 22.Qxd6 Bxd6
23.Bxb7 Bxa3 24.Bxa8 Bxb2 25.Bb7 a5 26.f4 f6 27.g6 Ke7 28.fxe5 Bxe5 29.Rd1 f5
30.Bd5 Rd8 31.Bf3 Rxd1+ 32.Bxd1 Kf6 33.Bxh5 Kg5 34.Be2 Kxg6 35.Kg2 Kg5 36.Bf3 Kf4
37.Bb7 Bd4 38.Bc8 b5 39.Bd7 bxa4 40.Bxa4 g5 41.Bd7 g4 42.c4 gxh3+ 43.Kxh3 Bc5
44.Kg2 Ke3 45.Kf1 Kd2 46.Bc6 f4 47.Kg2 Ke3 48.Bb5 f3+ 49.Kf1 Kd2 50.Bc6 f2
51.Bb5 Kc2 52.Ke2 Kb3  0-1

[Event "12th Essent Open"]
[Site "Hoogeveen NED"]
[Date "2008.10.22"]
[Round "6"]
[White "Prasanna,Ra"]
[Black "Diamant,A"]
[Result "1/2-1/2"]
[WhiteElo "2311"]
[BlackElo "2412"]

1.e4 c5 2.Nf3 e6 3.d4 cxd4 4.Nxd4 Nc6 5.Nc3 a6 6.Nxc6 bxc6 7.Bd3 d5 8.O-O Qc7
9.Qe2 Bb7 10.b3 Nf6 11.Bb2 Bd6 12.Kh1 e5 13.f4 d4 14.Nd1 c5 15.f5 Qc6 16.Nf2 h5
17.c3 O-O 18.Rae1 Rfe8 19.Bc1 dxc3 20.Qc2 a5 21.Bg5 Nh7 22.Be3 Nf6 23.Bg5 Nh7
24.Bc1 c4 25.Bxc4 Ba6 26.Re3 Bxc4 27.Rxc3 Bxb3 28.axb3 Qb5 29.Rd1 Bb4 30.Rcd3 Rac8
31.Qe2 Bc5 32.Be3 Nf6 33.h3 Bxe3 34.Qxe3 Rc2 35.Kg1 Qc5 36.Qxc5 Rxc5 37.R3d2 Rb5
38.Ra1 Rc8 39.Rda2 Rcc5 40.Ra4 h4 41.Rc4 Rxc4 42.bxc4 Rc5 43.Ra4 Rc7 44.Kf1 Nd7
45.Rxa5 Rxc4 46.Rd5 Nc5 47.Rxe5 Rc1+ 48.Ke2 Rc2+ 49.Ke3 Rc3+ 50.Kd2 Rc4 51.Re8+ Kh7
52.Rd8 Kh6 53.Ke3 Kg5 54.Rf8 Kf6 55.Re8 Kg5 56.Re7 Kf6 57.Ra7 g6 58.Rc7 gxf5
59.exf5 Kxf5 60.Rxf7+ Kg6 61.Re7 Rc3+ 62.Kd2 Rg3  1/2-1/2

[Event "24th ECC"]
[Site "Kallithea GRE"]
[Date "2008.10.22"]
[Round "6"]
[White "Moen,OC"]
[Black "Livner,A"]
[Result "1-0"]
[WhiteElo "2236"]
[BlackElo "2315"]

1.e4 c5 2.Nc3 Nc6 3.Nf3 e6 4.d4 cxd4 5.Nxd4 Qc7 6.Be3 a6 7.Bd3 Nf6 8.O-O Ne5
9.h3 Bc5 10.Qe2 d6 11.Nb3 Bxe3 12.Qxe3 b5 13.f4 Nc6 14.Qg3 O-O 15.Rae1 g6
16.Kh2 Bb7 17.Qg5 Kg7 18.e5 dxe5 19.Nc5 h6 20.Qxg6+ fxg6 21.Nxe6+ Kh7 22.Nxc7 Rac8
23.Ne6 Rfe8 24.Nc5  1-0

[Event "24th ECC"]
[Site "Kallithea GRE"]
[Date "2008.10.22"]
[Round "6"]
[White "Movsesian,S"]
[Black "Zvjaginsev,V"]
[Result "1/2-1/2"]
[WhiteElo "2732"]
[BlackElo "2646"]

1.e4 c5 2.Nf3 e6 3.d4 cxd4 4.Nxd4 Nc6 5.Nc3 d6 6.g3 a6 7.Bg2 Bd7 8.O-O Nf6
9.Re1 Be7 10.Nxc6 Bxc6 11.a4 O-O 12.Be3 Qc7 13.a5 Nd7 14.Na4 Rae8 15.Nb6 f5
16.Nxd7 Qxd7 17.Qd3 fxe4 18.Bxe4 Bxe4 19.Qxe4 d5 20.Qd3 Qc6 21.c3 Bc5 22.b4 Bxe3
23.Rxe3 Rf6 24.Rae1 Ref8 25.R1e2 h6 26.Qd4 Rc8 27.Qg4 Kf7 28.Qh5+ Kg8 29.Qg4 Kf7
30.Qh5+ Kg8  1/2-1/2

[Event "24th ECC"]
[Site "Kallithea GRE"]
[Date "2008.10.22"]
[Round "6"]
[White "Upton,T"]
[Black "Ris,R"]
[Result "1/2-1/2"]
[WhiteElo "2255"]
[BlackElo "2417"]

1.e4 c5 2.Nf3 e6 3.d4 cxd4 4.Nxd4 Nc6 5.Nc3 a6 6.Be2 Nge7 7.O-O b5 8.a3 Nxd4
9.Qxd4 Nc6 10.Qd3 Bc5 11.Be3 Qb6 12.Bxc5 Qxc5 13.Rad1 Ra7 14.Qg3 O-O 15.Qd6 Qxd6
16.Rxd6 f6 17.Rfd1 Kf7 18.Na2 Rc7 19.c3 Ke7 20.Nb4 Nxb4 21.axb4 Rc6 22.Rxc6 dxc6  1/2-1/2

[Event "24th ECC"]
[Site "Kallithea GRE"]
[Date "2008.10.22"]
[Round "6"]
[White "Efimenko,Z"]
[Black "Nisipeanu,LD"]
[Result "1/2-1/2"]
[WhiteElo "2680"]
[BlackElo "2684"]

1.e4 c5 2.Nf3 e6 3.d4 cxd4 4.Nxd4 Nc6 5.Nc3 Qc7 6.Be2 Nf6 7.O-O Be7 8.Be3 O-O
9.f4 d6 10.Kh1 Nxd4 11.Bxd4 e5 12.Be3 b6 13.Bd3 Bb7 14.Rf3 Ng4 15.f5 d5 16.Bg1 dxe4  1/2-1/2

[Event "24th ECC"]
[Site "Kallithea GRE"]
[Date "2008.10.22"]
[Round "6"]
[White "Nieminen,K"]
[Black "Aranovitch,E"]
[Result "0-1"]
[WhiteElo "2210"]
[BlackElo "2385"]

1.e4 c5 2.Nc3 e6 3.Nf3 Nc6 4.d4 cxd4 5.Nxd4 Qc7 6.Be3 Nf6 7.f4 d6 8.Qf3 a6
9.O-O-O Bd7 10.Rg1 O-O-O 11.g4 h5 12.h3 hxg4 13.hxg4 Nxd4 14.Rxd4 Bc6 15.g5 Nd7
16.g6 f5 17.Qe2 fxe4 18.Nxe4 e5 19.fxe5 dxe5 20.Rc4 Nb6 21.Ng5 Nxc4 22.Qxc4 Bd5
23.Bh3+ Rxh3 24.Qxc7+ Kxc7 25.Nxh3 Be7 26.a3 Rf8 27.Kd2 Rf3 28.Ng5 Rxe3 29.c4 Bxc4
30.Ne6+ Bxe6  0-1

[Event "WYCC Boys U16"]
[Site "Vung Tau City VIE"]
[Date "2008.10.22"]
[Round "4"]
[White "Kilpatrick,C"]
[Black "Kiuttu,R"]
[Result "1-0"]
[WhiteElo "2184"]
[BlackElo "2083"]

1.e4 c5 2.Nf3 e6 3.d4 cxd4 4.Nxd4 Nc6 5.Nc3 Qc7 6.Be3 a6 7.Qd2 Nf6 8.O-O-O Bb4
9.f3 Ne5 10.Nb3 b5 11.Kb1 Nc4 12.Bxc4 bxc4 13.Nc1 Rb8 14.Bf4 e5 15.Bg5 Qa5
16.N1e2 d6 17.Bxf6 gxf6 18.Ka1 Be6 19.Qe3 Qb6 20.Qxb6 Rxb6 21.Nd5 Bxd5 22.Rxd5 Ke7
23.c3 Bc5 24.Ng3 a5 25.a4 Rhb8 26.Nf5+ Ke6 27.Rhd1 Rc6 28.R1d2 Rb7 29.g4 Rd7
30.Rg2 Rc8 31.Rg3 Rb7 32.Rh3 Rcb8 33.Rd2 Rd8 34.Rxh7 d5 35.Ng7+ Ke7 36.exd5  1-0

[Event "Magistral Endesa GM"]
[Site "Endesa CHI"]
[Date "2008.10.23"]
[Round "1"]
[White "Lopez Silva,H"]
[Black "Valiente,C"]
[Result "1-0"]
[WhiteElo "2410"]
[BlackElo "2254"]

1.e4 c5 2.Nf3 Nc6 3.d4 cxd4 4.Nxd4 e6 5.Nc3 Qc7 6.g3 a6 7.Bg2 Nf6 8.O-O Be7
9.Re1 d6 10.Nxc6 bxc6 11.e5 dxe5 12.Rxe5 Nd5 13.Qe1 O-O 14.Na4 Bd7 15.Re2 Rfd8
16.c4 Nb6 17.Qa5 Nd5 18.Qxc7 Nxc7 19.Nb6 Ra7 20.Be3 c5 21.Rd2 Be8 22.Rxd8 Bxd8
23.Nc8  1-0

[Event "12th Essent Open"]
[Site "Hoogeveen NED"]
[Date "2008.10.23"]
[Round "7"]
[White "Bykhovsky,An RUS"]
[Black "Van der Elburg,F"]
[Result "1/2-1/2"]
[WhiteElo "2364"]
[BlackElo "2269"]

1.e4 c5 2.Nf3 e6 3.d4 cxd4 4.Nxd4 Nc6 5.Nc3 a6 6.g3 Qc7 7.Bg2 d6 8.O-O Bd7
9.Be3 Nf6 10.Nxc6 Bxc6 11.a4 Be7 12.a5 O-O 13.Qd2 Rae8 14.f4 Nd7 15.Rfe1 Kh8
16.Bf2 Rg8 17.Ne2 g5 18.Nd4 gxf4 19.gxf4 Rg7 20.Kh1 Reg8 21.Bf3 Bf6 22.Ra3 Bxd4
23.Bxd4 e5 24.Bf2 f5 25.exf5 e4 26.Rxe4 Bxe4 27.Bxe4 Nf6 28.Qd4 Rf8 29.Bh4 Qc5
30.Qxc5 dxc5 31.Bf3 Rc7 32.Re3 Kg7 33.Re6 Rff7 34.c4 Rcd7 35.Rb6  1/2-1/2

[Event "12th Essent Open"]
[Site "Hoogeveen NED"]
[Date "2008.10.23"]
[Round "7"]
[White "Negi,P"]
[Black "Neelotpal,D"]
[Result "1-0"]
[WhiteElo "2597"]
[BlackElo "2477"]

1.e4 c5 2.Nf3 e6 3.d4 cxd4 4.Nxd4 Nc6 5.Nc3 d6 6.Be3 Nf6 7.f4 Be7 8.Qf3 e5
9.Nxc6 bxc6 10.f5 Qa5 11.Bc4 Rb8 12.O-O-O O-O 13.Bb3 Qb4 14.a3 Qa5 15.g4 d5
16.Bd2 Qb6 17.g5 dxe4 18.Qg3 Nd5 19.f6 e3 20.Bxe3 Qxe3+ 21.Qxe3 Nxe3 22.fxe7 Re8
23.Rd8 Be6 24.Rxb8 Rxb8 25.Re1 Nf5 26.Rxe5 Nxe7 27.Bxe6 fxe6 28.Rxe6 Kf7
29.Re5 g6 30.b4 Nf5 31.Ne4 Rb7 32.Rxf5+  1-0

[Event "Vasylyshyn Mem"]
[Site "Lviv UKR"]
[Date "2008.10.23"]
[Round "4"]
[White "Oleksienko,M"]
[Black "Geller,J"]
[Result "1/2-1/2"]
[WhiteElo "2585"]
[BlackElo "2511"]

1.e4 c5 2.Nf3 e6 3.d4 cxd4 4.Nxd4 Nc6 5.Nc3 Qc7 6.Be2 a6 7.O-O Nf6 8.Kh1 Be7
9.f4 d6 10.Nxc6 bxc6 11.Qe1 O-O 12.Qg3 d5 13.Bd3 a5 14.b3 Ba6 15.Bb2 g6 16.Rae1 Rfd8
17.Bxa6 Rxa6 18.e5 Nd7 19.f5 exf5 20.Rxf5 Nc5 21.Ref1 Rf8 22.Bc1 d4 23.Ne2 Qd7
24.Bh6 Ne4 25.Qg4 Re8 26.h3 c5 27.Rxf7 Qxg4 28.Rg7+ Kh8 29.Rff7 Bf8 30.Rxh7+ Kg8
31.Bxf8 Ng5 32.Rhg7+ Kh8 33.hxg4 Nxf7 34.Rxf7 Kg8 35.Rc7 Rxe5 36.Bxc5 Rxe2
37.Bxd4 Rae6 38.c3 Rxa2 39.Kh2 Rb2 40.Ra7 Re4 41.Rg7+ Kf8 42.Rxg6 Rxb3 43.Rg5 Rb2
44.Rxa5 Rxg4 45.Rf5+ Ke7 46.Rf2 Rb1  1/2-1/2

[Event "WYCC Girls U18"]
[Site "Vung Tau City VIE"]
[Date "2008.10.23"]
[Round "5"]
[White "Sirisena,C"]
[Black "Shlakich,A"]
[Result "0-1"]
[WhiteElo "1935"]
[BlackElo "2203"]

1.e4 c5 2.Nf3 e6 3.d4 cxd4 4.Nxd4 Nc6 5.Nc3 Qc7 6.Be3 a6 7.Qd2 Nf6 8.O-O-O b5
9.Bf4 Qa5 10.e5 b4 11.Nxc6 dxc6 12.exf6 bxc3 13.Qxc3 Qxc3 14.bxc3 Ba3+ 15.Kd2 gxf6
16.Bc4 Rg8 17.Bg3 Ke7 18.Ke2 e5 19.Rb1 Bc5 20.Bd3 h5 21.Be4 Kd7 22.Rb3 Kc7
23.Rhb1 a5 24.a4 h4 25.Bxh4 Rg4 26.Bxf6 Rxe4+ 27.Kd3 Rxa4 28.Bxe5+ Bd6 29.Bxd6+ Kxd6
30.Rd1 Be6 31.Ke3+ Kc7 32.Rbb1 Rc4 33.Kd2 a4 34.Rb4 a3 35.h4 Rxb4 36.cxb4 Rd8+  0-1

[Event "12th Essent Open"]
[Site "Hoogeveen NED"]
[Date "2008.10.24"]
[Round "8"]
[White "Vedder,H"]
[Black "Balje,J"]
[Result "1-0"]
[WhiteElo "2358"]
[BlackElo "2193"]

1.e4 c5 2.Nf3 e6 3.Nc3 Nc6 4.d4 cxd4 5.Nxd4 Qc7 6.Be3 a6 7.Bd3 Nf6 8.O-O Ne5
9.h3 Bc5 10.Qe2 d6 11.f4 Ng6 12.Nb3 Bxe3+ 13.Qxe3 O-O 14.a4 b6 15.Rad1 Bb7
16.Nd2 Qc5 17.Qxc5 bxc5 18.Nc4 d5 19.exd5 exd5 20.Na5 Rab8 21.Nxb7 Rxb7 22.Bxa6 Rxb2
23.Nxd5 Nxd5 24.Rxd5 Rxc2 25.Bb5 Rc8 26.Rfd1 Kf8 27.Rd8+ Rxd8 28.Rxd8+ Ke7
29.Rd7+ Kf6 30.a5 Nxf4 31.a6 Ne2+ 32.Kh2 Nd4 33.a7 Ra2 34.Rd6+  1-0

[Event "12th Corsica Masters"]
[Site "Bastia/Ajaccio FRA"]
[Date "2008.10.25"]
[Round "2"]
[White "Gertosio,F"]
[Black "Tregubov,P"]
[Result "1/2-1/2"]
[WhiteElo "2007"]
[BlackElo "2646"]

1.e4 c5 2.Nf3 e6 3.d4 cxd4 4.Nxd4 Nc6 5.Nc3 Nf6 6.Be3 Bb4 7.f3 d5 8.Bb5 Bd7
9.Bxc6 Bxc6 10.e5 Nd7 11.f4 Qa5 12.Bd2 Qb6 13.Be3 Bxc3+ 14.bxc3 Qa5 15.Qd2 Nb6
16.Nb3 Qa6 17.Bxb6 Qxb6 18.Nd4 Qa6 19.f5 O-O-O 20.Kf2 Bd7 21.fxe6 Bxe6 22.Qd3 Qa4
23.Rhb1 Rd7 24.Rb4 Qa5 25.Nb5 Kb8 26.Nd6 f6 27.Rab1 Qc5+ 28.Qd4 Qxd4+ 29.cxd4 b6
30.a4 Rf8 31.Ke3 Rc7 32.a5 Rxc2 33.axb6 a5 34.Ra4 fxe5 35.Rxa5 exd4+ 36.Kxd4 Rd2+
37.Kc5 Rc2+ 38.Kd4 Rd2+ 39.Kc5 Rc2+ 40.Kd4 Rd2+ 41.Kc5 Rc2+ 42.Kd4 Rd2+ 43.Kc5 Bc8
44.Rba1 Rc2+ 45.Kd4  1/2-1/2

[Event "Grand Prix CCAS"]
[Site "Cap D'Agde FRA"]
[Date "2008.10.25"]
[Round "1"]
[White "Bert,J"]
[Black "Ivanov,Jo"]
[Result "0-1"]
[WhiteElo "2114"]
[BlackElo "2428"]

1.e4 c5 2.Nf3 e6 3.d4 cxd4 4.Nxd4 Nc6 5.Nc3 Qc7 6.Be2 Nf6 7.O-O a6 8.Kh1 Nxd4
9.Qxd4 Bc5 10.Qd3 b5 11.f4 h5 12.Be3 Bb7 13.Rad1 Bxe3 14.Qxe3 b4 15.e5 bxc3
16.exf6 gxf6 17.bxc3 h4 18.Bf3 h3 19.g3 f5 20.Rd3 Ke7 21.Rfd1 Rhd8 22.Kg1 Rac8
23.Kf2 a5 24.Bxb7 Qxb7 25.Qf3 Qxf3+ 26.Kxf3 Rc4 27.Rb1 Ra4 28.Rb2 d5 29.Ke3 Rc8
30.Kd2 Rcc4 31.Ke3 Kf6 32.Kd2 Ra3 33.Rb6 Kg7 34.Rb2 Rca4 35.c4 Rxd3+ 36.cxd3 dxc4
37.Kc3 cxd3 38.Kxd3 Kg6 39.Kc3 f6 40.Rc2 e5 41.Rb2 Kh5 42.Kd3 Kg4 43.fxe5 fxe5
44.Rf2 e4+ 45.Ke3 Ra3+ 46.Kd4 e3  0-1

[Event "Magistral Endesa GM"]
[Site "Endesa CHI"]
[Date "2008.10.25"]
[Round "3"]
[White "Alonso,S"]
[Black "Felgaer,R"]
[Result "1/2-1/2"]
[WhiteElo "2446"]
[BlackElo "2591"]

1.e4 c5 2.Nf3 e6 3.d4 cxd4 4.Nxd4 Nc6 5.Nc3 a6 6.Be2 d6 7.O-O Nf6 8.Kh1 Be7
9.f4 Bd7 10.Be3 O-O 11.Qe1 b5 12.a3 Qb8 13.Rd1 b4 14.axb4 Qxb4 15.Nd5 Qxe1
16.Nxf6+ Bxf6 17.Rfxe1 Rab8 18.Nf3 Be7 19.Bc5 d5 20.Ne5 Bxc5 21.Nxd7 Rxb2
22.Nxc5 Rxc2 23.exd5 Rxc5 24.dxc6 Rxc6 25.Ra1 g6 26.Rxa6 Rxa6 27.Bxa6 Ra8
28.Bb7 Ra7 29.Bf3 Kg7 30.Kg1 Rc7 31.Kf2 Rc2+ 32.Re2 Rc4 33.Kg3 Rc7 34.Rb2 Rc3
35.Kf2 Rc4 36.Ke3 Rc8 37.Rb6 Rd8 38.Rb7 h5 39.Bc6 Kf6 40.Rc7 Rb8 41.g3 Rd8
42.Ke4 Rb8 43.Kd4 Rd8+ 44.Rd7 Rb8 45.Bb7 Rf8 46.Ke4 Rb8 47.h3 Rf8 48.g4 hxg4
49.hxg4 g5 50.Kf3 Rg8 51.Be4 gxf4 52.Kxf4 Rg7 53.Ra7 Rg8 54.Bc6 Rc8 55.g5+ Kg6
56.Ra6 Rc7 57.Kg4 f5+ 58.Kf4 e5+ 59.Kxe5 Kxg5 60.Bd5 Rc1 61.Ra8 Re1+ 62.Kd4  1/2-1/2

[Event "Open A"]
[Site "Le Touquet FRA"]
[Date "2008.10.26"]
[Round "2"]
[White "Feryn,B"]
[Black "Burton,G"]
[Result "0-1"]
[WhiteElo "1912"]
[BlackElo "2087"]

1.e4 c5 2.Nf3 e6 3.d4 cxd4 4.Nxd4 Nc6 5.Nc3 Qc7 6.Be3 a6 7.Bd3 b5 8.O-O Bb7
9.a3 Nf6 10.Kh1 h5 11.f3 h4 12.Nxc6 dxc6 13.Qd2 O-O-O 14.Qf2 c5 15.Rad1 Bd6
16.Bxb5 Nh5 17.e5 Bxe5 18.Rxd8+ Rxd8 19.Qxh4 Rh8 20.Kg1 Bxc3 21.bxc3 axb5
22.g4 Qe5 23.Bc1 g5 24.Bxg5 Ng3 25.Qxg3 Qxg5 26.Qf2 Qd5 27.Rb1 Rg8 28.Rxb5 Rxg4+
29.Kf1 Qd1+ 30.Qe1 Rg1+  0-1

[Event "Open A"]
[Site "Le Touquet FRA"]
[Date "2008.10.26"]
[Round "2"]
[White "Ladisic,A"]
[Black "Arkell,K"]
[Result "0-1"]
[WhiteElo "2081"]
[BlackElo "2521"]

1.e4 c5 2.Nf3 e6 3.d4 cxd4 4.Nxd4 Nc6 5.Nc3 a6 6.Nxc6 bxc6 7.Bd3 d5 8.O-O Nf6
9.Re1 Be7 10.e5 Nd7 11.Qg4 g6 12.Bh6 Rb8 13.Nd1 Rb4 14.Qf3 Bg5 15.Bxg5 Qxg5
16.Qe3 Qxe3 17.Rxe3 a5 18.c3 Rb6 19.a4 Nc5 20.Bc2 Ke7 21.f3 g5 22.Kf2 Bd7
23.g3 h6 24.Re1 Nb3 25.Ra3 Rhb8 26.Ke3 c5 27.Bxb3 Rxb3 28.Ra2 R8b4 29.Kd2 Rxa4
30.Rxa4 Bxa4 31.Kc1 Rb8 32.Ne3 h5 33.Rh1 Bc6 34.Rf1 Bb5 35.Rf2 Bd3 36.h3 a4
37.Nc2 Bf5 38.Rh2 h4 39.g4 Bg6 40.f4 gxf4 41.Rf2 f6 42.exf6+ Kxf6 43.Rxf4+ Ke5
44.Rxa4 Rf8 45.Ne1 Rf1 46.Kd2 Be4 47.b4 cxb4 48.Rxb4 Rh1 49.c4 Rh2+ 50.Kd1 Rxh3
51.cxd5 exd5 52.g5 Rg3  0-1

[Event "WYCC Boys U18"]
[Site "Vung Tau City VIE"]
[Date "2008.10.26"]
[Round "7"]
[White "Mustafaev,J"]
[Black "Bao Khoa"]
[Result "0-1"]
[WhiteElo "2393"]
[BlackElo "2142"]

1.e4 c5 2.Nf3 Nc6 3.Nc3 e6 4.d4 cxd4 5.Nxd4 Nf6 6.Ndb5 d6 7.Bf4 e5 8.Bg5 a6
9.Na3 b5 10.Nd5 Be7 11.Bxf6 Bxf6 12.c4 b4 13.Nc2 Rb8 14.b3 Bg5 15.g3 O-O
16.h4 Bh6 17.Bh3 Be6 18.Kf1 g6 19.h5 Kg7 20.Kg2 Qd7 21.hxg6 fxg6 22.Bxe6 Qxe6
23.Qd3 Rb7 24.Rhf1 a5 25.Rad1 Rbf7 26.f3 Nd8 27.a3 bxa3 28.Nxa3 Bg5 29.Nc3 Nb7
30.Na4 h5 31.Qd5 Qe7 32.Nb5 Rf6 33.Na7 R8f7 34.Nb5 h4 35.Qd3 Qf8 36.gxh4 Bxh4
37.Nbc3 Nd8 38.Nb6 Ne6 39.Nbd5 g5 40.Ne2 Rg6 41.Ne3 Nf4+ 42.Nxf4 gxf4+ 43.Ng4 Qc8
44.Rg1 Bd8 45.Kf1 Bb6 46.Rg2 Bd4 47.Ke2 Qb8 48.Rh1 Rb7 49.Rb1 a4 50.Rh2 Rxb3
51.Rxb3 Qxb3 52.Qxb3 axb3 53.Kd2 b2 54.Kc2 Rxg4 55.fxg4 f3 56.Rh3 f2 57.Rf3 Kg6
58.Rf5 Be3 59.Rf3 Kg5  0-1

[Event "WYCC Boys U18"]
[Site "Vung Tau City VIE"]
[Date "2008.10.26"]
[Round "7"]
[White "Saric,Iv"]
[Black "Matlakov,M"]
[Result "1-0"]
[WhiteElo "2516"]
[BlackElo "2490"]

1.e4 c5 2.Nf3 e6 3.d4 cxd4 4.Nxd4 Nc6 5.Nc3 Qc7 6.Be3 Nf6 7.f4 Bb4 8.Nb5 Qa5
9.e5 Nd5 10.Bd2 Nxc3 11.bxc3 Bc5 12.c4 Qb6 13.Rb1 Bf2+ 14.Ke2 O-O 15.Nd6 Qc5
16.Rb5 Nd4+ 17.Kxf2 Nxb5+ 18.Be3 Nc3 19.Bxc5 Nxd1+ 20.Kg3 Nc3 21.Bd3 b6 22.Bd4 Na4
23.Rb1 a5 24.Be4 Ra7 25.c3 Nc5 26.Bf3 Ba6 27.Rxb6 Na4 28.Rb3 Rc7 29.Ra3 Nb2
30.Rxa5 Bxc4 31.Bb6 Rc6 32.Bxc6 dxc6 33.Bc5 Bd3 34.Ra7  1-0

[Event "WYCC Boys U18"]
[Site "Vung Tau City VIE"]
[Date "2008.10.26"]
[Round "7"]
[White "Pavlidis,Ana"]
[Black "Ashwin,J"]
[Result "1/2-1/2"]
[WhiteElo "2322"]
[BlackElo "2437"]

1.e4 c5 2.Nf3 e6 3.d4 cxd4 4.Nxd4 Nc6 5.Nc3 Qc7 6.Be2 a6 7.O-O Nf6 8.Be3 Be7
9.f4 d6 10.a4 O-O 11.Kh1 Re8 12.Bf3 Bd7 13.Nb3 b6 14.g4 Bc8 15.g5 Nd7 16.Bg2 Rb8
17.Qh5 Bf8 18.Rf3 g6 19.Qh4 Bg7 20.f5 Bxc3 21.f6 h5 22.gxh6 Kh7 23.bxc3 Nce5
24.Rg3 Bb7 25.Bd4 Nc4 26.Rf1 d5 27.exd5 Bxd5 28.Bxd5 exd5 29.Qg5 Qd6 30.Nc1 Nc5
31.Bxc5 bxc5 32.Nd3 Re6 33.Qf4 Re2 34.Qxd6 Nxd6 35.Rg2 Rxg2 36.Kxg2 Ne4 37.Ne5 Rb7
38.c4 d4 39.Nd3 Rc7 40.Re1 Nxf6 41.Re5 Ng4 42.Rxc5 Re7 43.Nb4 f5 44.h3 Ne3+
45.Kf3 Kxh6 46.Rc8 Rb7 47.Nxa6 Nxc2 48.c5 Re7 49.c6 d3 50.Rd8 Re3+ 51.Kf2 Re2+
52.Kg1 Re1+ 53.Kf2 Re2+  1/2-1/2

[Event "TCh-HUN 2008-9"]
[Site "Zalaegerszeg HUN"]
[Date "2008.10.26"]
[Round "1"]
[White "Tatar Kis,S"]
[Black "Horvath,Ad1"]
[Result "1/2-1/2"]
[WhiteElo "2387"]
[BlackElo "2514"]

1.e4 c5 2.Nf3 e6 3.d4 cxd4 4.Nxd4 Nc6 5.Nc3 Qc7 6.Be3 a6 7.Qd2 Nf6 8.O-O-O Be7
9.f3 h5 10.Kb1 b5 11.Qf2 Ne5 12.h3 Bb7 13.f4 Nc4 14.Bxc4 bxc4 15.e5 Ne4 16.Nxe4 Bxe4
17.Bc1 Qb7 18.f5 Bc5 19.Rhf1 Rb8 20.f6 g6 21.Nf5 Bxf2 22.Nd6+ Kf8 23.Nxb7 Bb6
24.Nd6 Bxg2 25.Rf4 Bd5 26.Nxc4 g5 27.Nxb6 Rxb6 28.Rfd4 g4 29.hxg4 h4 30.Bf4 h3
31.Bh2 Rh4 32.g5 Rb4 33.Rxb4 Rxb4 34.b3 Rg4 35.Rg1 Bg2 36.Kc1 Rxg5 37.Kd2 Rf5
38.Ke2 Ke8 39.c3 d6 40.exd6 Rxf6 41.c4 Kd7 42.c5 Rf5 43.Rc1 Bc6 44.b4 Rg5
45.Rg1 Rxg1 46.Bxg1 e5 47.Kf2 f5 48.Kg3 Bg2 49.a4 Bf1 50.b5 f4+ 51.Kh2 Bxb5
52.axb5 axb5 53.Bf2 b4 54.c6+ Kxc6 55.Bc5 b3 56.Ba3 e4 57.Kxh3 e3 58.Kg2 e2
59.Kf2 f3 60.Ke1  1/2-1/2